Specialty Foods :Processing Technology, Quality, and Safety (Record no. 14546)
[ view plain ]
| 000 -LEADER | |
|---|---|
| fixed length control field | 00305nam a22001217a 4500 |
| 020 ## - INTERNATIONAL STANDARD BOOK NUMBER | |
| ISBN | 9781439854235 |
| 082 ## - DEWEY DECIMAL CLASSIFICATION NUMBER | |
| Classification number | 664 |
| Item number | ZHA/SP |
| 245 ## - TITLE STATEMENT | |
| Title | Specialty Foods :Processing Technology, Quality, and Safety |
| 260 ## - PUBLICATION, DISTRIBUTION, ETC. (IMPRINT) | |
| Place of publication | Boca Raton |
| Name of publisher | CRC Press |
| Year of publication | 2012 |
| 300 ## - PHYSICAL DESCRIPTION | |
| Number of Pages | 344 |
| 700 ## - ADDED ENTRY--PERSONAL NAME | |
| Personal name | Zhao,Yanyun |
| 942 ## - ADDED ENTRY ELEMENTS (KOHA) | |
| Koha item type | Books |
| Withdrawn status | Lost status | Damaged status | Collection code | Home library | Current library | Shelving location | Date acquired | Source of acquisition | Cost, normal purchase price | Full call number | Accession Number | Koha item type |
|---|---|---|---|---|---|---|---|---|---|---|---|---|
| KAUAET | KAUAET | General Stacks | 15/07/2016 | Dream Tech, Trivandrum | 6532.91 | 664 ZHA/SP | 24456 | Books |
